Drobna wytwórczosc w gospodarce narodowej

Salvato in:
Dettagli Bibliografici
Natura: Libro
Lingua:polacco
Pubblicazione: Poznan Akademia Ekon. 1985
Edizione:1. wyd.
Serie:Zeszyty naukowe 135
Tags: Aggiungi Tag
Nessun Tag, puoi essere il primo ad aggiungerne!!

MARC

LEADER 00000nam a2200000 4500
001 c027914
005 20221220075252.1
041 0 |a pol 
044 |a PL 
245 1 0 |a Drobna wytwórczosc w gospodarce narodowej 
250 |a 1. wyd. 
264 1 |a Poznan  |b Akademia Ekon.  |c 1985 
300 |a 105 s. 
490 1 |a Zeszyty naukowe  |v 135 
830 0 |a Zeszyty naukowe  |v 135